000 00743nam a22002177a 4500
005 20100818155654.0
010 _aENG-100889
020 _a8185883505
_c80.00
035 _aEN-84422
037 _bDBAD/PUB
082 _a270
100 _aJyotirmayananda
_914984
245 _aMysticism of the devi Mahatmya /
_bworship of the divine mother /
_cby Jyotirmayananda
260 _aGhaziabad
_bInternational Yoga Society
_c2005
270 _aLal Bagh, loni
_b201102
300 _a225p.
_c22cm (Hb)
_ephotos
650 _aMysticism-Hinduism
_914985
650 _aDurga (Hindu Acity)
_914986
942 _2ddc
_cEN
_h270
_mJYO
999 _c42490
_d42490